Word Insertion Puzzle #3 - Statistics

General Stats
  • This quiz has been taken 141 times
  • The average score is 11 of 21
Answer Stats
Hint Explanation Answer % Correct
L___ern Lantern Ant
75%
F____oyant Flamboyant Lamb
72%
Det______d Determined Ermine
68%
R_____table Regrettable Egret
62%
Br___ry Brewery Ewe
61%
For____te Fortunate Tuna
58%
Si____ure Signature Gnat
56%
____ible Gullible Gull
56%
E___raph Epigraph Pig
53%
Va___e Vacate Cat
52%
W___ce Whence Hen
51%
Ho____e Hostage Stag
50%
Ma___m Magnum Gnu
49%
S____er Smother Moth
44%
E____psia Eclampsia Clam
43%
En___e Encode Cod
43%
Un____ded Uncrowded Crow
40%
Pat___en Pathogen Hog
38%
Int_____ous Intravenous Raven
37%
Mot____de Motorcade Orca
28%
En____ntics Endodontics Dodo
24%
No matching quizzes found
Score Distribution
Percent of People with Each Score
Percentile by Number Answered
Your Score History
You have not taken this quiz